000 02026cad a22002655a 4500
001 L160127
008 180706s2018 xxk f 000 0 eng d
020 _a9781409851783
035 _a(Sirsi) u160127
041 0 _aeng
110 2 _aUnited Kingdom
_bMinistry of Housing, Communities and Local Government
245 0 0 _aEnglish housing survey
_bheadline report 2016-17
_h[electronic resource]
260 _aLondon
_bEHS
_c2018
520 _aPreliminary findings of the English Housing Survey (EHS) for 2016-7. The report is split into two sections. The first, on households, covers tenure (owner occupation and the social and private rented sectors) and the demographic and economic characteristics of the people who live in the three tenures. It then explores how affordability varies between tenures and how this has changed over time, buying expectations among renters, average rental costs in the private and social rented sectors and the extent to which private and social renters claim Housing Benefit to help meet the cost of their rent. Rates of overcrowding and under-occupation by tenure are then examined, followed by analysis of personal well-being and the extent to which this varies by tenure. The second section, on homes, provides an overview of the housing stock in England including: the age, size, and type of home; energy efficiency of the housing stock; decent homes; homes affected by damp and mould; and smoke alarms. Additional annex tables provide further detail to that covered in the main body of the report.
590 _aKA
650 2 4 _aENGLISH HOUSING SURVEY
650 2 4 _aSOCIAL HOUSING
650 2 4 _aHOUSING STOCK
650 2 4 _aENERGY
_96237
650 2 4 _aPRIVATE SECTOR HOUSING
651 4 _aEngland
_y886-
690 _aResidential property
_96266
856 4 0 _uhttps://assets.publishing.service.gov.uk/government/uploads/system/uploads/attachment_data/file/705821/2016-17_EHS_Headline_Report.pdf
_zView the item free of charge at assets.publishing.service.gov.uk
942 _n0
999 _c116239
_d116239